000
00351nam a2200157Ia 4500
003
OSt
005
20240130110341.0
008
170524s9999 xx 000 0 und d
020
_a
9788178001241
040
_c
iimtu
100
_a
RAO- M V R KOTESWARA
245
0
_a
ENERGY RESOURCES
260
_b
B.S. Publication
260
_c
2011
942
_2
ddc
_c
02
999
_c
6052
_d
6052